000 01011nam a2200301Ia 4500
005 20220317001832.0
008 170410s2010 s a g 000 f s
020 _a9788496974548
041 _aspa
100 1 _aMaquiavelo, Nicolás
_d1469-1527
245 1 3 _aEl archidiablo Belfegor
_cNicolás Maquiavelo ; traducción de Elena Martínez
250 _a1a. edición
300 _a50 páginas
_bilustraciones
_c18 cm
500 _aIncluye datos biográficos del autor en solapa
534 _tBelfagor arcidiavolo
650 1 4 _2LEMB
_aNovela italiana
_ySiglo XV
650 1 4 _2LEMB
_aLiteratura italiana
_ySiglo XV
650 1 4 _2LEMB
_aMatrimonio en la literatura
650 1 4 _2LEMB
_aSátira en la literatura
700 1 _aMartínez, Elena
_etraductora
_977698
942 _2loc
_cBKLIT
264 _aMadrid
_bGadir
_c2010
336 _atexto
_btxt
_2rdacontent
337 _asin mediación
_bn
_2rdamedia
338 _avolumen
_bnc
_2rdacarrier
040 _aCO-BoRNBP
_bspa
_erda
_cCO-BoRNBP
084 _aN MAQ1
999 _c8252
_d8252